[Event "SWE-chT 0304"]
[Site "Sweden"]
[Date "2004.??.??"]
[Round "9"]
[White "Thoren, Per"]
[Black "Johansson, Thomas"]
[Result "1-0"]
[WhiteElo "2268"]
[BlackElo "1954"]
[PlyCount "133"]
[EventDate "2003.10.??"]
[EventType "team"]
[EventRounds "11"]
[EventCountry "SWE"]
[SourceTitle "EXT 2005"]
[Source "ChessBase"]
[SourceDate "2004.11.15"]
[SourceVersion "1"]
[SourceVersionDate "2004.11.15"]
[SourceQuality "1"]
[WhiteTeam "Norrkoping Schack 08"]
[BlackTeam "Solna"]
[WhiteTeamCountry "SWE"]
[BlackTeamCountry "SWE"]

1. e4 c5 2. Nf3 e6 3. d4 cxd4 4. Nxd4 a6 5. Bd3 Bc5 6. Nb3 Be7 7. 0-0 d6 8. c4 b6 9. Nc3 Bb7 10. Qe2 Nd7 11. f4 Qc7 12. Bd2 Ngf6 13. Rae1 Rd8 14. Nd4 g6 15. b4 0-0 16. Nf3 Rfe8 17. a3 Bf8 18. Kh1 Bg7 19. Bb1 Rc8 20. Ba2 Qb8 21. Qd3 Red8 22. f5 exf5 23. exf5 Bxf3 24. Qxf3 Ne5 25. Qe2 Re8 26. fxg6 hxg6 27. Qf2 Neg4 28. Rxe8+ Rxe8 29. Qg3 Ne5 30. Bg5 Nh5 31. Qf2 Qb7 32. Nd5 b5 33. c5 dxc5 34. bxc5 Nc4 35. c6 Qxc6 36. Ne7+ Rxe7 37. Bxe7 Qd5 38. Bb3 Bd4 39. Qf3 Qxf3 40. Rxf3 Nd2 41. Rd3 Nxb3 42. Rxb3 Ng7 43. a4 Ne6 44. axb5 axb5 45. Rxb5 Kg7 46. g3 Bf6 47. Bxf6+ Kxf6 48. Kg2 Kg7 49. Ra5 Nf8 50. Ra6 Nh7 51. Kf3 Nf6 52. h4 Ng8 53. g4 Nf6 54. Kf4 Nd7 55. Rc6 Nf6 56. g5 Nh5+ 57. Ke5 Ng3 58. Rf6 Nh5 59. Rf3 Kf8 60. Kd6 Ng7 61. Kd7 Nh5 62. Ra3 Nf4 63. Ra8+ Kg7 64. Ke8 Ng2 65. Ra7 Nxh4 66. Rxf7+ Kg8 67. Ke7 1-0

[Event "SWE-chT 0304"]
[Site "Sweden"]
[Date "2003.??.??"]
[Round "3"]
[White "Thoren, Per"]
[Black "Hjelm, Niclas"]
[Result "1/2-1/2"]
[WhiteElo "2282"]
[BlackElo "2422"]
[PlyCount "35"]
[EventDate "2003.10.??"]
[EventType "team"]
[EventRounds "11"]
[EventCountry "SWE"]
[SourceTitle "EXT 2005"]
[Source "ChessBase"]
[SourceDate "2004.11.15"]
[SourceVersion "1"]
[SourceVersionDate "2004.11.15"]
[SourceQuality "1"]
[WhiteTeam "Norrkoping Schack 08"]
[BlackTeam "Farsta"]
[WhiteTeamCountry "SWE"]
[BlackTeamCountry "SWE"]

1. e4 c5 2. Nf3 d6 3. d4 cxd4 4. Nxd4 Nf6 5. Nc3 a6 6. Bc4 e6 7. Bb3 Nbd7 8. f4 Nc5 9. 0-0 Qc7 10. Qe2 Be7 11. Kh1 0-0 12. e5 Nxb3 13. axb3 dxe5 14. fxe5 Nd5 15. Nf5 Bc5 16. Nxg7 Kxg7 17. Ne4 Qxe5 18. Qg4+ 1/2-1/2

[Event "SWE-chT 0304"]
[Site "Sweden"]
[Date "2003.??.??"]
[Round "5"]
[White "Thoren, Per"]
[Black "Wengholm, Anders"]
[Result "0-1"]
[WhiteElo "2282"]
[BlackElo "2240"]
[PlyCount "58"]
[EventDate "2003.10.??"]
[EventType "team"]
[EventRounds "11"]
[EventCountry "SWE"]
[SourceTitle "EXT 2005"]
[Source "ChessBase"]
[SourceDate "2004.11.15"]
[SourceVersion "1"]
[SourceVersionDate "2004.11.15"]
[SourceQuality "1"]
[WhiteTeam "Norrkoping Schack 08"]
[BlackTeam "Kamraterna"]
[WhiteTeamCountry "SWE"]
[BlackTeamCountry "SWE"]

1. e4 d6 2. d4 Nf6 3. Nc3 g6 4. f4 Bg7 5. Nf3 c5 6. dxc5 Qa5 7. Qd3 Qxc5 8. Be3 Qc7 9. Be2 0-0 10. 0-0 a6 11. a4 Nbd7 12. Kh1 Nc5 13. Qc4 Nfxe4 14. Nd5 Qd8 15. b4 e6 16. bxc5 exd5 17. Qxd5 Bxa1 18. Rxa1 Nxc5 19. Rd1 Be6 20. Qd4 Bf5 21. Bc1 Ne6 22. Qb2 Rc8 23. c4 Nc5 24. Nd4 Be4 25. Nb3 Nxa4 26. Qd4 Bc6 27. f5 Qb6 28. Qd3 Qf2 29. Nd4 Nc5 0-1

[Event "SWE-chT 0102"]
[Site "Sweden"]
[Date "2002.01.19"]
[Round "6"]
[White "Eriksson, Mats"]
[Black "Thoren, Per"]
[Result "1/2-1/2"]
[WhiteElo "2278"]
[BlackElo "2332"]
[PlyCount "80"]
[EventDate "2001.10.12"]
[EventType "team"]
[EventRounds "11"]
[EventCountry "SWE"]
[SourceTitle "EXT 2003"]
[Source "ChessBase"]
[SourceDate "2002.11.25"]
[SourceVersion "1"]
[SourceVersionDate "2002.11.25"]
[SourceQuality "1"]
[WhiteTeam "Manhem"]
[BlackTeam "Norrkoping Schack 08"]
[WhiteTeamCountry "SWE"]
[BlackTeamCountry "SWE"]

1. e4 Nf6 2. Nc3 d5 3. e5 Ne4 4. Nce2 d4 5. c3 Nc6 6. Nf3 dxc3 7. bxc3 Bg4 8. d4 e6 9. Qd3 Bf5 10. Qe3 Be7 11. g4 Bg6 12. h4 h6 13. Bb2 Bh7 14. Bg2 Na5 15. Nc1 Nc4 16. Qe2 Nxb2 17. Qxb2 Rb8 18. Nb3 c6 19. Kf1 0-0 20. Re1 f5 21. gxf5 Bxf5 22. Nbd2 Nxd2+ 23. Qxd2 Qd5 24. Kg1 Qc4 25. Bf1 Qd5 26. Bg2 Be4 27. c4 Qxc4 28. Rxe4 Bb4 29. Qe2 Qc1+ 30. Kh2 Qa3 31. Rg1 Rf7 32. Bh3 Rxf3 33. Bxe6+ Kh8 34. Reg4 Rbf8 35. R1g2 Rh3+ 36. Kg1 Qc1+ 37. Qf1 Rh1+ 38. Kxh1 Qxf1+ 39. Kh2 Qd3 40. Rxg7 Qe4 1/2-1/2

[Event "SWE-chT 0001"]
[Site "Sweden"]
[Date "2000.12.09"]
[Round "5"]
[White "Thoren, Per"]
[Black "Albihn, Per Anders"]
[Result "1-0"]
[WhiteElo "2358"]
[BlackElo "2086"]
[PlyCount "87"]
[EventDate "2000.10.13"]
[EventType "team"]
[EventRounds "11"]
[EventCountry "SWE"]
[SourceTitle "EXT 2006"]
[Source "ChessBase"]
[SourceDate "2005.11.24"]
[SourceVersion "1"]
[SourceVersionDate "2005.11.24"]
[SourceQuality "1"]
[WhiteTeam "Norrkoping Schack 08"]
[BlackTeam "Kirsebergs"]
[WhiteTeamCountry "SWE"]
[BlackTeamCountry "SWE"]

1. e4 e6 2. d4 d5 3. e5 c5 4. c3 Nc6 5. Nf3 Qb6 6. a3 c4 7. Nbd2 Na5 8. Be2 Bd7 9. 0-0 Nh6 10. a4 0-0-0 11. Ne1 Be7 12. b4 cxb3 13. Nd3 Kb8 14. Ba3 Bxa3 15. Rxa3 b2 16. Nc5 Bc8 17. Qc2 Ka8 18. Rb1 f6 19. exf6 gxf6 20. Ncb3 Nxb3 21. Rxb3 Qc7 22. Qxb2 Rhg8 23. a5 Rg7 24. Rb5 Rdg8 25. g3 Nf5 26. Kf1 e5 27. Rxd5 exd4 28. cxd4 Nxg3+ 29. hxg3 Rxg3 30. fxg3 Qxg3 31. Bf3 Qg1+ 32. Ke2 Re8+ 33. Re5 Qh2+ 34. Kd3 fxe5 35. Bxb7+ Kb8 36. Bc6+ Kc7 37. Bxe8 Bf5+ 38. Kc3 exd4+ 39. Kb3 Bxb1 40. Nxb1 Qh3+ 41. Ka4 Qe3 42. Qb5 Qe6 43. Na3 d3 44. Qc4+ 1-0

[Event "SWE-chT 9900"]
[Site "Sweden"]
[Date "2000.??.??"]
[Round "10"]
[White "Thoren, Per"]
[Black "Barkhagen, Jonas"]
[Result "1/2-1/2"]
[WhiteElo "2260"]
[BlackElo "2442"]
[PlyCount "60"]
[EventDate "1999.11.??"]
[EventType "team"]
[EventRounds "11"]
[EventCountry "SWE"]
[SourceTitle "EXT 2002"]
[Source "ChessBase"]
[SourceDate "2001.11.25"]
[SourceVersion "1"]
[SourceVersionDate "2001.11.25"]
[SourceQuality "1"]

1. e4 e5 2. f4 exf4 3. Nf3 Ne7 4. d4 d5 5. Nc3 dxe4 6. Nxe4 Nd5 7. Bd3 Be7 8. 0-0 0-0 9. c4 Ne3 10. Bxe3 fxe3 11. Qe2 f5 12. Nc3 Bg5 13. Nxg5 Qxg5 14. Nd5 f4 15. Rxf4 Rxf4 16. Qxe3 Nc6 17. Nxf4 Bd7 18. Qe4 g6 19. Re1 Rf8 20. Ne6 Bxe6 21. Qxe6+ Kh8 22. d5 Nb4 23. Rf1 Rxf1+ 24. Bxf1 Qf4 25. Qe8+ Kg7 26. Qe7+ Kg8 27. Qxb4 Qd4+ 28. Kh1 Qd1 29. Kg1 Qd4+ 30. Kh1 Qd1 1/2-1/2

[Event "SWE-chT 9900"]
[Site "Sweden"]
[Date "2000.??.??"]
[Round "6"]
[White "Thoren, Per"]
[Black "Eriksson, Magnus"]
[Result "1/2-1/2"]
[WhiteElo "2260"]
[BlackElo "2360"]
[PlyCount "70"]
[EventDate "1999.11.??"]
[EventType "team"]
[EventRounds "11"]
[EventCountry "SWE"]
[SourceTitle "EXT 2002"]
[Source "ChessBase"]
[SourceDate "2001.11.25"]
[SourceVersion "1"]
[SourceVersionDate "2001.11.25"]
[SourceQuality "1"]

1. e4 c5 2. Nf3 e6 3. d4 cxd4 4. Nxd4 a6 5. Bd3 Qb6 6. Nb3 Qc7 7. 0-0 Nf6 8. Kh1 d5 9. Nc3 dxe4 10. Nxe4 Nxe4 11. Bxe4 Nd7 12. f4 Be7 13. Be3 0-0 14. Qf3 g6 15. Bd4 Bd6 16. Bc3 Rb8 17. Rad1 b6 18. Rd3 f6 19. Bc6 Nc5 20. Nxc5 Bxc5 21. Rfd1 Bb7 22. Bxb7 Rxb7 23. Qe4 Kf7 24. Qxb7 Qxb7 25. Rd7+ Qxd7 26. Rxd7+ Kg8 27. g4 Be3 28. g5 Rf7 29. Rd8+ Rf8 30. Rd3 Bxf4 31. Bxf6 h6 32. h4 hxg5 33. hxg5 Rf7 34. Rd8+ Rf8 35. Rd7 Rf7 1/2-1/2

[Event "SWE-chT 9900"]
[Site "Sweden"]
[Date "2000.??.??"]
[Round "9"]
[White "Thoren, Per"]
[Black "Piuva, Matti"]
[Result "0-1"]
[WhiteElo "2260"]
[BlackElo "2205"]
[PlyCount "86"]
[EventDate "1999.11.??"]
[EventType "team"]
[EventRounds "11"]
[EventCountry "SWE"]
[SourceTitle "EXT 2002"]
[Source "ChessBase"]
[SourceDate "2001.11.25"]
[SourceVersion "1"]
[SourceVersionDate "2001.11.25"]
[SourceQuality "1"]

1. e4 c5 2. Nf3 d6 3. d4 cxd4 4. Nxd4 Nf6 5. Nc3 Nc6 6. Bc4 e5 7. Nde2 Be6 8. Bb3 a6 9. 0-0 Be7 10. Kh1 Bxb3 11. axb3 Nb4 12. Ng3 g6 13. Qe2 h5 14. Rd1 Rc8 15. Nf1 Nc6 16. Be3 Ng4 17. Nd5 Nxe3 18. Nfxe3 Bg5 19. c3 Ne7 20. Nc4 0-0 21. Nb4 Qc7 22. Nxd6 Rcd8 23. Nc4 Kg7 24. Ne3 Bxe3 25. Qxe3 f6 26. c4 Rxd1+ 27. Rxd1 Qa5 28. Qd2 Rc8 29. Qd6 Rc7 30. Nd5 Nxd5 31. exd5 Rf7 32. h3 g5 33. Kh2 Qc7 34. Qb4 b6 35. Qa4 a5 36. Qb5 Rd7 37. b4 axb4 38. Qxb4 Rd6 39. Qb5 g4 40. b3 e4 41. Qe8 Rxd5+ 42. g3 Rxd1 43. Qxh5 Qd7 0-1

[Event "SWE-chT 9899"]
[Site "Sweden"]
[Date "1999.??.??"]
[Round "6"]
[White "Schneider, Lars Ake"]
[Black "Thoren, Per"]
[Result "1-0"]
[WhiteElo "2380"]
[BlackElo "2260"]
[PlyCount "97"]
[EventDate "1998.??.??"]
[EventType "team"]
[EventRounds "11"]
[EventCountry "SWE"]
[SourceTitle "EXT 2000"]
[Source "ChessBase"]
[SourceDate "1999.11.16"]
[SourceVersion "1"]
[SourceVersionDate "1999.11.16"]
[SourceQuality "1"]

1. Nf3 f5 2. g3 Nf6 3. Bg2 d6 4. 0-0 g6 5. c4 Bg7 6. Nc3 0-0 7. d3 Nc6 8. Rb1 a5 9. Bd2 e5 10. Qc1 Bd7 11. Bh6 Nh5 12. Bxg7 Kxg7 13. Nd5 b6 14. Qc3 Nf6 15. a3 h6 16. e3 g5 17. d4 e4 18. Nxf6 Qxf6 19. Nd2 g4 20. h4 gxh3 21. Bxh3 Rf7 22. f3 Kh8 23. f4 Rg7 24. Kf2 Qg6 25. Rg1 Rag8 26. Rg2 h5 27. Rh1 Nd8 28. d5 Kh7 29. Nf1 Nf7 30. Rgh2 Re8 31. Bg2 Kg8 32. Rxh5 Qg4 33. R5h4 Qg6 34. Rh5 Qg4 35. R5h4 Qd1 36. Nd2 Qa4 37. Bf1 c6 38. Be2 cxd5 39. cxd5 Rc8 40. Qb3 Qxb3 41. Nxb3 Rc2 42. Rb1 Rxg3 43. Nd4 Rxe2+ 44. Kxe2 Rg2+ 45. Kf1 Rd2 46. b4 a4 47. Rc1 Kf8 48. Rc7 Ke8 49. Rh7 1-0

[Event "SWE-chT 9899"]
[Site "Sweden"]
[Date "1999.??.??"]
[Round "7"]
[White "Thoren, Per"]
[Black "Faibisovich, Vadim Z"]
[Result "0-1"]
[WhiteElo "2260"]
[BlackElo "2400"]
[PlyCount "156"]
[EventDate "1998.??.??"]
[EventType "team"]
[EventRounds "11"]
[EventCountry "SWE"]
[SourceTitle "EXT 2000"]
[Source "ChessBase"]
[SourceDate "1999.11.16"]
[SourceVersion "1"]
[SourceVersionDate "1999.11.16"]
[SourceQuality "1"]

1. e4 c5 2. Nf3 e6 3. d4 cxd4 4. Nxd4 a6 5. Bd3 Bc5 6. Nb3 Be7 7. Qg4 g6 8. Nc3 d6 9. f4 Nd7 10. 0-0 Ngf6 11. Qf3 Qc7 12. Bd2 b6 13. Rae1 Bb7 14. Qe2 h5 15. a4 h4 16. Rf2 h3 17. g3 Nc5 18. Nxc5 Qxc5 19. b4 Qh5 20. Qe3 Nd7 21. Be2 Qh7 22. Bf3 Rc8 23. Nd5 exd5 24. exd5 f5 25. Rfe2 Kd8 26. Qxe7+ Qxe7 27. Rxe7 Rxc2 28. R7e2 Nf6 29. Re6 Ne4 30. Be3 Bxd5 31. Rxg6 Kd7 32. Rd1 Nc3 33. Rxd5 Nxd5 34. Bxd5 Re8 35. Rg7+ Kc8 36. Rg8 Rxg8 37. Bxg8 Rg2+ 38. Kh1 Kd7 39. Bxb6 Rb2 40. b5 axb5 41. axb5 Rxb5 42. Bg1 d5 43. Bh7 Ke6 44. Bg8+ Kd6 45. Bh7 Ke6 46. Bg8+ Kf6 47. Bd4+ Kg6 48. Kg1 Rb1+ 49. Kf2 Rh1 50. Bxd5 Rxh2+ 51. Ke3 Rc2 52. g4 h2 53. gxf5+ Kxf5 54. Be4+ Kg4 55. Bxc2 h1Q 56. f5 Qc1+ 57. Kd3 Kxf5 58. Be3 Qa3+ 59. Kd2+ Ke5 60. Bd3 Qb2+ 61. Kd1 Qc3 62. Ke2 Kd5 63. Bd2 Qb2 64. Ke3 Qe5+ 65. Kf2 Kd4 66. Be2 Qf5+ 67. Ke1 Qc2 68. Bf4 Ke4 69. Bd2 Qb1+ 70. Kf2 Qb6+ 71. Kf1 Qd4 72. Be1 Qa1 73. Kf2 Qf6+ 74. Kg1 Ke3 75. Bf1 Qg6+ 76. Bg2 Qb1 77. Kf1 Qd3+ 78. Kg1 Qd1 0-1

[Event "SWE-chT 9899"]
[Site "Sweden"]
[Date "1999.??.??"]
[Round "9"]
[White "Thoren, Per"]
[Black "Setterqvist, Kurt"]
[Result "1-0"]
[WhiteElo "2350"]
[BlackElo "2330"]
[PlyCount "59"]
[EventDate "1998.??.??"]
[EventType "team"]
[EventRounds "11"]
[EventCountry "SWE"]
[SourceTitle "EXT 2000"]
[Source "ChessBase"]
[SourceDate "1999.11.16"]
[SourceVersion "1"]
[SourceVersionDate "1999.11.16"]
[SourceQuality "1"]

1. e4 e6 2. d4 d5 3. e5 c5 4. c3 Nc6 5. Nf3 Nge7 6. Na3 cxd4 7. cxd4 Nf5 8. Nc2 Be7 9. Be2 0-0 10. 0-0 Qb6 11. b4 Bd7 12. a3 a5 13. b5 Na7 14. a4 Qd8 15. g4 Nh4 16. Nxh4 Bxh4 17. f4 f6 18. Ra3 fxe5 19. dxe5 Be7 20. Rh3 Bc5+ 21. Kh1 Qe7 22. Ne1 g6 23. Nf3 Kg7 24. Qd3 Rae8 25. Ng5 Rh8 26. f5 exf5 27. gxf5 Bxf5 28. Rxf5 gxf5 29. Qxf5 h6 30. Ne6+ 1-0

[Event "SWE-chT 9900"]
[Site "Sweden"]
[Date "1999.??.??"]
[Round "2"]
[White "Thoren, Per"]
[Black "Von Bahr, Oskar"]
[Result "1/2-1/2"]
[WhiteElo "2260"]
[BlackElo "2240"]
[PlyCount "51"]
[EventDate "1999.11.??"]
[EventType "team"]
[EventRounds "11"]
[EventCountry "SWE"]
[SourceTitle "EXT 2002"]
[Source "ChessBase"]
[SourceDate "2001.11.25"]
[SourceVersion "1"]
[SourceVersionDate "2001.11.25"]
[SourceQuality "1"]

1. e4 c5 2. Nf3 Nc6 3. d4 cxd4 4. Nxd4 Nf6 5. Nc3 e5 6. Ndb5 d6 7. Bg5 a6 8. Na3 b5 9. Bxf6 gxf6 10. Nd5 Bg7 11. c3 f5 12. exf5 Bxf5 13. Nc2 Be6 14. g3 0-0 15. Bg2 a5 16. 0-0 Rb8 17. Nce3 f5 18. f4 Ne7 19. Qd2 e4 20. Rad1 Nxd5 21. Nxd5 b4 22. g4 bxc3 23. bxc3 Rb5 24. Ne3 Qb6 25. Kh1 fxg4 26. Qxd6 1/2-1/2

[Event "SWE-chT 9899"]
[Site "Sweden"]
[Date "1998.10.17"]
[Round "2"]
[White "Thoren, Per"]
[Black "Hjelm, Niclas"]
[Result "1-0"]
[WhiteElo "2260"]
[BlackElo "2315"]
[PlyCount "71"]
[EventDate "1998.??.??"]
[EventType "team"]
[EventRounds "11"]
[EventCountry "SWE"]
[SourceTitle "EXT 2000"]
[Source "ChessBase"]
[SourceDate "1999.11.16"]
[SourceVersion "1"]
[SourceVersionDate "1999.11.16"]
[SourceQuality "1"]

1. e4 c5 2. Nf3 Nc6 3. d4 cxd4 4. Nxd4 Nf6 5. Nc3 d6 6. Bc4 e6 7. Be3 Be7 8. Qe2 0-0 9. 0-0-0 Bd7 10. Bb3 Rc8 11. Rhg1 Na5 12. f3 Nxb3+ 13. axb3 Qa5 14. Kb1 d5 15. e5 Ne8 16. f4 Nc7 17. g4 Na6 18. Na2 Qc7 19. Bf2 Nc5 20. Nc3 a6 21. f5 b5 22. f6 gxf6 23. Nf5 Bd8 24. Qe3 Kh8 25. Qh6 Rg8 26. exf6 Ne4 27. Bd4 e5 28. Nxd5 Qxc2+ 29. Ka2 exd4 30. Nde7 Bxe7 31. fxe7 Be6 32. Nxd4 Qc5 33. Nxe6 fxe6 34. Qf4 Qb4 35. Qe5+ Rg7 36. Rd8+ 1-0

[Event "SWE-chT 9899"]
[Site "Sweden"]
[Date "1998.??.??"]
[Round "5"]
[White "Thoren, Per"]
[Black "Eriksson, Magnus"]
[Result "1/2-1/2"]
[WhiteElo "2260"]
[BlackElo "2360"]
[PlyCount "57"]
[EventDate "1998.??.??"]
[EventType "team"]
[EventRounds "11"]
[EventCountry "SWE"]
[SourceTitle "EXT 2000"]
[Source "ChessBase"]
[SourceDate "1999.11.16"]
[SourceVersion "1"]
[SourceVersionDate "1999.11.16"]
[SourceQuality "1"]

1. e4 c5 2. Nf3 e6 3. d4 cxd4 4. Nxd4 a6 5. Bd3 Qb6 6. Nb3 Qc7 7. Nc3 b5 8. Qf3 Bb7 9. Bf4 d6 10. 0-0-0 b4 11. Ne2 Nd7 12. Kb1 Ngf6 13. Ng3 g6 14. c3 bxc3 15. Rc1 Bg7 16. Rxc3 Qb6 17. Nd2 Ne5 18. Bxe5 dxe5 19. Rhc1 0-0 20. Rb3 Qa7 21. Rc7 Bxe4 22. Ndxe4 Qxc7 23. Nxf6+ Bxf6 24. Qxf6 Qa5 25. a3 Rab8 26. Nh5 gxh5 27. Qg5+ Kh8 28. Qf6+ Kg8 29. Qg5+ 1/2-1/2

[Event "SWE-chT 9798"]
[Site "Sweden"]
[Date "1998.??.??"]
[Round "7"]
[White "Thoren, Per"]
[Black "Faibisovich, Vadim Z"]
[Result "1/2-1/2"]
[WhiteElo "2260"]
[BlackElo "2400"]
[PlyCount "107"]
[EventDate "1997.??.??"]
[EventType "team"]
[EventRounds "9"]
[EventCountry "SWE"]
[SourceTitle "EXT 2000"]
[Source "ChessBase"]
[SourceDate "1999.11.16"]
[SourceVersion "1"]
[SourceVersionDate "1999.11.16"]
[SourceQuality "1"]

1. e4 c5 2. Nf3 Nc6 3. d4 cxd4 4. Nxd4 Nf6 5. Nc3 d6 6. Bc4 e6 7. Be3 Be7 8. Qe2 a6 9. 0-0-0 Qc7 10. Bb3 Na5 11. g4 Nxb3+ 12. axb3 h5 13. g5 Ng4 14. Bd2 Qc5 15. h3 Qxd4 16. hxg4 h4 17. Rh3 Bd7 18. Rdh1 0-0-0 19. Rxh4 Rxh4 20. Rxh4 Bc6 21. Rh7 Rg8 22. Qf3 Be8 23. Qe3 Qxe3 24. Bxe3 f6 25. gxf6 Bxf6 26. g5 Bg6 27. Rh4 Bxc3 28. bxc3 Kd7 29. c4 b5 30. cxb5 axb5 31. Kd2 e5 32. f4 exf4 33. Rxf4 Re8 34. Bd4 Rxe4 35. Rxe4 Bxe4 36. Bxg7 Ke6 37. c3 Kf5 38. Bf6 d5 39. Kc1 Bd3 40. Kd1 Be4 41. Kd2 Bb1 42. Kc1 Be4 43. Kb2 Bd3 44. Ka3 Bc2 45. Kb4 Bd1 46. Kxb5 Bxb3 47. Kc5 Bc4 48. Kd6 Bb3 49. Ke7 Bc4 50. Kf8 Kg6 51. Ke7 Kf5 52. Kf8 Kg6 53. Ke7 Kf5 54. Kf8 1/2-1/2

[Event "Norrkoeping Easter op"]
[Site "Norrkoeping"]
[Date "1998.??.??"]
[Round "5"]
[White "Thoren, Per"]
[Black "Karlsson, Tomas"]
[Result "1-0"]
[WhiteElo "2260"]
[BlackElo "2190"]
[PlyCount "79"]
[EventDate "1998.??.??"]
[EventType "swiss"]
[EventRounds "7"]
[EventCountry "SWE"]
[SourceTitle "EXT 2000"]
[Source "ChessBase"]
[SourceDate "1999.11.16"]
[SourceVersion "1"]
[SourceVersionDate "1999.11.16"]
[SourceQuality "1"]

1. e4 c5 2. Nf3 Nc6 3. d4 cxd4 4. Nxd4 Nf6 5. Nc3 e6 6. Nxc6 bxc6 7. e5 Nd5 8. Ne4 Qc7 9. f4 Qb6 10. c4 Ne3 11. Qd3 Nf5 12. g4 Nd4 13. Bg2 a5 14. Be3 Nc2+ 15. Kf2 Nxe3 16. Qxe3 Qxe3+ 17. Kxe3 f5 18. gxf5 exf5 19. Nd6+ Bxd6 20. exd6 Bb7 21. Kd2 Kf7 22. Rhe1 Rhe8 23. b3 Ba6 24. h4 g6 25. Kc3 Re6 26. Rxe6 Kxe6 27. c5 Re8 28. Re1+ Kf7 29. Rxe8 Kxe8 30. Kd4 Kf7 31. Ke5 Bd3 32. Bf3 Bb5 33. Bd1 Bd3 34. a3 Bb5 35. b4 a4 36. h5 Kg7 37. h6+ Kf7 38. Bc2 Kg8 39. Kf6 Kf8 40. Bd1 1-0

[Event "SWE Cup sf"]
[Site "Oerebro"]
[Date "1998.??.??"]
[Round "?"]
[White "Thoren, Per"]
[Black "Schneider, Stefan"]
[Result "1-0"]
[WhiteElo "2260"]
[BlackElo "2305"]
[PlyCount "83"]
[EventDate "1998.??.??"]
[EventType "team"]
[EventRounds "1"]
[EventCountry "SWE"]
[SourceTitle "EXT 2000"]
[Source "ChessBase"]
[SourceDate "1999.11.16"]
[SourceVersion "1"]
[SourceVersionDate "1999.11.16"]
[SourceQuality "1"]

1. e4 c5 2. Nf3 Nf6 3. e5 Nd5 4. Nc3 Nxc3 5. dxc3 Nc6 6. Bf4 Qc7 7. Qd2 e6 8. 0-0-0 Be7 9. Qe3 b6 10. Nd2 Bb7 11. Nc4 h6 12. h4 Qd8 13. h5 Ba6 14. Nd6+ Bxd6 15. Bxa6 Bc7 16. Bb7 Qb8 17. Bxa8 Qxa8 18. Qe4 Qb8 19. Rhe1 Qc8 20. Qd3 Nb8 21. g4 Bd8 22. Rg1 Nc6 23. Qe4 Qc7 24. Rd2 Be7 25. Kb1 Kd8 26. Rgd1 Kc8 27. Rxd7 Qxd7 28. Rxd7 Kxd7 29. a3 Kc7 30. Be3 Kd7 31. b4 Kc7 32. f4 Re8 33. Kc1 Rh8 34. Bd2 a6 35. Be3 Kb7 36. f5 Rd8 37. fxe6 f6 38. exf6 Bxf6 39. a4 cxb4 40. cxb4 b5 41. axb5 axb5 42. c4 1-0

[Event "Holger Blomstrand's op"]
[Site "Gothenburg"]
[Date "1997.08.12"]
[Round "4"]
[White "Feiff, Terry"]
[Black "Thoren, Per"]
[Result "1/2-1/2"]
[WhiteElo "2195"]
[BlackElo "2225"]
[PlyCount "47"]
[EventDate "1997.08.09"]
[EventType "swiss"]
[EventRounds "9"]
[EventCountry "SWE"]
[SourceTitle "EXT 1999"]
[Source "ChessBase"]
[SourceDate "1998.11.16"]
[SourceVersion "1"]
[SourceVersionDate "1998.11.16"]
[SourceQuality "1"]

1. e4 e5 2. Nc3 Nf6 3. Nf3 Nc6 4. Bb5 Nd4 5. Nxd4 exd4 6. e5 dxc3 7. exf6 Qxf6 8. dxc3 Bc5 9. Qe2+ Qe6 10. Bc4 Qxe2+ 11. Kxe2 0-0 12. Re1 Re8+ 13. Kf1 Rxe1+ 14. Kxe1 c6 15. Bd2 d5 16. Bd3 Bd7 17. Kf1 Bd6 18. h3 c5 19. c4 dxc4 20. Bxc4 Bc6 21. Be3 Be7 22. Rd1 b6 23. c3 Rd8 24. Rxd8+ 1/2-1/2

[Event "Holger Blomstrand's op"]
[Site "Gothenburg"]
[Date "1997.08.10"]
[Round "2"]
[White "Lehmann, Holger"]
[Black "Thoren, Per"]
[Result "0-1"]
[WhiteElo "2160"]
[BlackElo "2225"]
[PlyCount "47"]
[EventDate "1997.08.09"]
[EventType "swiss"]
[EventRounds "9"]
[EventCountry "SWE"]
[SourceTitle "EXT 1999"]
[Source "ChessBase"]
[SourceDate "1998.11.16"]
[SourceVersion "1"]
[SourceVersionDate "1998.11.16"]
[SourceQuality "1"]

1. d4 Nf6 2. c4 c5 3. d5 b5 4. cxb5 a6 5. bxa6 g6 6. Nc3 Bxa6 7. g3 d6 8. Bg2 Bg7 9. Nh3 Nbd7 10. f4 0-0 11. 0-0 Qa5 12. Nf2 Rfb8 13. Re1 Nb6 14. e4 Nc4 15. Qc2 Ne8 16. Nfd1 Ra7 17. Kh1 Nc7 18. Ne3 Nxb2 19. Bxb2 Rxb2 20. Qxb2 Rb7 21. Qf2 Bxc3 22. Rac1 Bxe1 23. Rxe1 Rb2 24. Qf3 0-1

[Event "Holger Blomstrand's op"]
[Site "Gothenburg"]
[Date "1997.08.09"]
[Round "1"]
[White "Thoren, Per"]
[Black "Ziegler, Ari"]
[Result "0-1"]
[WhiteElo "2225"]
[BlackElo "2440"]
[PlyCount "48"]
[EventDate "1997.08.09"]
[EventType "swiss"]
[EventRounds "9"]
[EventCountry "SWE"]
[SourceTitle "EXT 1999"]
[Source "ChessBase"]
[SourceDate "1998.11.16"]
[SourceVersion "1"]
[SourceVersionDate "1998.11.16"]
[SourceQuality "1"]

1. e4 c5 2. Nf3 d6 3. d4 cxd4 4. Nxd4 Nf6 5. Nc3 a6 6. Bc4 e6 7. Bb3 Nbd7 8. f4 Nc5 9. 0-0 Qc7 10. e5 dxe5 11. fxe5 Qxe5 12. Bf4 Qh5 13. Qd2 Be7 14. Rae1 Nxb3 15. axb3 Qc5 16. Kh1 0-0 17. Re5 Qb4 18. Rg5 Rd8 19. Rxg7+ Kxg7 20. Be5 Kf8 21. Qf2 Ke8 22. Ne4 Rxd4 23. Nxf6+ Bxf6 24. Bxf6 Rd7 0-1

[Event "Holger Blomstrand's op"]
[Site "Gothenburg"]
[Date "1997.??.??"]
[Round "9"]
[White "Hiebel, Johannes"]
[Black "Thoren, Per"]
[Result "1/2-1/2"]
[WhiteElo "2305"]
[BlackElo "2225"]
[PlyCount "51"]
[EventDate "1997.08.09"]
[EventType "swiss"]
[EventRounds "9"]
[EventCountry "SWE"]
[SourceTitle "EXT 1999"]
[Source "ChessBase"]
[SourceDate "1998.11.16"]
[SourceVersion "1"]
[SourceVersionDate "1998.11.16"]
[SourceQuality "1"]

1. d4 f5 2. g4 fxg4 3. h3 g3 4. fxg3 c5 5. d5 Nf6 6. Nc3 g6 7. e4 Bg7 8. Nge2 d6 9. Bg2 Nbd7 10. 0-0 0-0 11. g4 Ne5 12. Nf4 h6 13. Nce2 Nh7 14. Nd3 Ng5 15. Nxe5 Bxe5 16. c3 Rxf1+ 17. Qxf1 Qf8 18. Nf4 Qf6 19. Nd3 Qxf1+ 20. Kxf1 Bg7 21. Bd2 Bd7 22. Ke2 Bb5 23. Rc1 Bxd3+ 24. Kxd3 Rf8 25. Bxg5 hxg5 26. Rf1 1/2-1/2

[Event "Holger Blomstrand's op"]
[Site "Gothenburg"]
[Date "1997.??.??"]
[Round "8"]
[White "Thoren, Per"]
[Black "Barth, Norbert"]
[Result "1/2-1/2"]
[WhiteElo "2225"]
[BlackElo "2190"]
[PlyCount "46"]
[EventDate "1997.08.09"]
[EventType "swiss"]
[EventRounds "9"]
[EventCountry "SWE"]
[SourceTitle "EXT 1999"]
[Source "ChessBase"]
[SourceDate "1998.11.16"]
[SourceVersion "1"]
[SourceVersionDate "1998.11.16"]
[SourceQuality "1"]

1. e4 c6 2. d4 d5 3. e5 c5 4. dxc5 Nc6 5. Bb5 e6 6. b4 Bd7 7. Bxc6 Bxc6 8. Ne2 b6 9. Nd4 Qd7 10. cxb6 Bxb4+ 11. c3 Bc5 12. bxa7 Ne7 13. 0-0 Ng6 14. Qh5 0-0 15. Be3 Bxa7 16. Nd2 Bb5 17. Rfe1 Rfc8 18. Nxb5 Qxb5 19. Nf3 Bxe3 20. fxe3 Qd3 21. Rad1 Qc2 22. Rc1 Qd3 23. Rcd1 Qc2 1/2-1/2